Things That Start With 'J' - Statistics

General Stats
  • This quiz has been taken 83 times
  • The average score is 14 of 16
Answer Stats
Picture Answer % Correct
Jungle
100%
Jam
99%
Japan
99%
Jeans
97%
Jeep
97%
Jamaica
96%
Jaguar
95%
Jellyfish
95%
Jet
92%
Jukebox
87%
Jalapeño
85%
Juggle
80%
Javelin
73%
Jefferson
71%
Jerusalem
64%
Jacksonville
28%
No matching quizzes found
Score Distribution
Percent of People with Each Score
Percentile by Number Answered
Your Score History
You have not taken this quiz